<?xml version="1.0" encoding="UTF-8"?>
<record
    xmlns:xsi="http://www.w3.org/2001/XMLSchema-instance"
    xsi:schemaLocation="http://www.loc.gov/MARC21/slim http://www.loc.gov/standards/marcxml/schema/MARC21slim.xsd"
    xmlns="http://www.loc.gov/MARC21/slim">

  <leader>03917nam a2200265   4500</leader>
  <controlfield tag="003">DO-SdBJH</controlfield>
  <controlfield tag="005">20260630131753.0</controlfield>
  <controlfield tag="008">260623b        |||d|||| |||| 00| 0 spa d</controlfield>
  <datafield tag="040" ind1=" " ind2=" ">
    <subfield code="a">DO-SdBJH</subfield>
    <subfield code="b">spa</subfield>
    <subfield code="c">DO-SdBJH</subfield>
  </datafield>
  <datafield tag="041" ind1="0" ind2=" ">
    <subfield code="a">spa</subfield>
  </datafield>
  <datafield tag="090" ind1=" " ind2=" ">
    <subfield code="a">CT E-CEMA 0006</subfield>
    <subfield code="b">EGCEMA 2025</subfield>
  </datafield>
  <datafield tag="100" ind1="1" ind2=" ">
    <subfield code="a">P&#xE9;rez S&#xE1;nchez, Andr&#xE9;s Julio</subfield>
    <subfield code="e">sustentante</subfield>
  </datafield>
  <datafield tag="245" ind1="1" ind2="0">
    <subfield code="a">Fortalecimiento de la Inteligencia A&#xE9;rea en las operaciones de la Fuerza A&#xE9;rea de Rep&#xFA;blica Dominicana :</subfield>
    <subfield code="b">en el periodo 2026 /</subfield>
    <subfield code="c">Andr&#xE9;s Julio P&#xE9;rez S&#xE1;nchez; asesor de contenido Edgar Manuel Tiburcio Peralta; asesor metodol&#xF3;gico Daniel B&#xE1;ez Garrido</subfield>
  </datafield>
  <datafield tag="260" ind1=" " ind2=" ">
    <subfield code="a">Santo Domingo, Rep&#xFA;blica Dominicana :</subfield>
    <subfield code="b">UNADE,</subfield>
    <subfield code="c">2025.</subfield>
  </datafield>
  <datafield tag="300" ind1=" " ind2=" ">
    <subfield code="a">xxv, 136 p&#xE1;ginas :</subfield>
    <subfield code="b">Gr&#xE1;ficas.</subfield>
  </datafield>
  <datafield tag="502" ind1=" " ind2=" ">
    <subfield code="a">Tesis y trabajo de grado (Especialidad en Comando y Estado Mayor A&#xE9;reo) -- Universidad Nacional para la Defensa "General Juan Pablo Duarte y D&#xED;ez", Escuela de Graduados de Comando y Estado Mayor A&#xE9;reo, Santo Domingo, 2025.</subfield>
  </datafield>
  <datafield tag="504" ind1=" " ind2=" ">
    <subfield code="a">Incluye referencias bibliogr&#xE1;ficas, ap&#xE9;ndice y anexos.</subfield>
  </datafield>
  <datafield tag="505" ind1=" " ind2=" ">
    <subfield code="a">Antecedentes hist&#xF3;ricos de la Inteligencia A&#xE9;rea --Marco legal y situacional aplicable a la Inteligencia A&#xE9;rea --Propuesta de fortalecimiento de la Inteligencia A&#xE9;rea en las operaciones de la Fuerza A&#xE9;rea de Rep&#xFA;blica Dominicana.</subfield>
  </datafield>
  <datafield tag="520" ind1=" " ind2=" ">
    <subfield code="a">La Fuerza Aerea de Republica Dominicana opera hoy con un escenario m&#xE1;s exigente que en a&#xF1;os anteriores. Las amenazas a&#xE9;reas irregulares, las actividades il&#xED;citas de car&#xE1;cter trasnacional  y el uso cada vez m&#xE1;s frecuente de tecnolog&#xED;a obligan a contar con informaci&#xF3;n inoportuna y bien analizada para poder tomar decisiones acertadas. En ese contexto, la inteligencia a&#xE9;rea deja de ser apoyo secundario y pasa a convertirse en un elemento central para la planificaci&#xF3;n y conducci&#xF3;n de las operaciones a&#xE9;reas. Esta monograf&#xED;a aborda el fortalecimiento de la inteligencia a&#xE9;rea en las operaciones de la FARD con una proyecci&#xF3;n al a&#xF1;o 2026. El trabajo parte de la revisi&#xF3;n de los antecedentes hist&#xF3;ricos y doctrinales de la inteligencia a&#xE9;rea, as&#xED; como el marco legal que regula su aplicaci&#xF3;n en la Rep&#xFA;blica Dominicana. A partir de ese an&#xE1;lisis, se examina la situaci&#xF3;n actual de las capacidades institucionales, identificando limitaciones en la forma en que se obtiene, procesa y utiliza la informaci&#xF3;n relacionada con el control y la vigilancia del espacio a&#xE9;reo. El an&#xE1;lisis realizado permite observar que, aunque la FARD dispone de recursos t&#xE9;cnicos y personal con experiencia, estos no siempre se encuentran integrados dentro de un sistema que funcione de manera articulada. La informaci&#xF3;n existe, pero n o siempre se transforma en inteligencia a&#xE9;rea &#xFA;til para apoyar la forma de decisiones operacionales. Esta situaci&#xF3;n genera retrasos , duplicaci&#xF3;n de esfuerzos y una dependencia excesiva de datos externos. Como respuesta a esta realidad , el trabajo presenta una propuesta orientada a fortalecer la inteligencia a&#xE9;rea a partir de cuatro l&#xED;neas principales: la mejora de la infraestructura tecnol&#xF3;gica, el acondicionamiento de la infraestructura f&#xED;sica del Escuadr&#xF3;n de Defensa Aerea, la capacitaci&#xF3;n continua y especializada del personal y una mayor integraci&#xF3;n entre la Direcci&#xF3;n de Inteligencia (A-2) y el Escuadr&#xF3;n de defensa Aerea. Estas acciones se organizan de forma progresiva a lo largo del a&#xF1;o2026, con el objetivo de que cada etapa sirva de base para la siguiente.</subfield>
  </datafield>
  <datafield tag="650" ind1=" " ind2="7">
    <subfield code="2">lemb</subfield>
    <subfield code="a">Inteligencia militar</subfield>
    <subfield code="v">Tesis y disertaciones acad&#xE9;micas</subfield>
    <subfield code="x">Inteligencia a&#xE9;rea</subfield>
    <subfield code="x">Planificaci&#xF3;n de operaciones a&#xE9;reas</subfield>
    <subfield code="y">2026</subfield>
    <subfield code="z">Rep&#xFA;blica Dominicana</subfield>
  </datafield>
  <datafield tag="650" ind1=" " ind2="7">
    <subfield code="2">lemb</subfield>
    <subfield code="a">Fuerza A&#xE9;rea de Rep&#xFA;blica Dominicana</subfield>
    <subfield code="v">Tesis y disertaciones acad&#xE9;micas</subfield>
    <subfield code="x">Inteligencia militar</subfield>
    <subfield code="x">Modernizaci&#xF3;n</subfield>
    <subfield code="x">Desarrollo institucional</subfield>
    <subfield code="z">Rep&#xFA;blica Dominicana</subfield>
  </datafield>
  <datafield tag="700" ind1="1" ind2=" ">
    <subfield code="a">Tiburcio Peralta, Edgar Manuel</subfield>
    <subfield code="e">asesor de contenido </subfield>
  </datafield>
  <datafield tag="700" ind1="1" ind2=" ">
    <subfield code="a">B&#xE1;ez Garrido, Daniel</subfield>
    <subfield code="e">asesor metodol&#xF3;gico</subfield>
  </datafield>
  <datafield tag="942" ind1=" " ind2=" ">
    <subfield code="2">CL</subfield>
    <subfield code="c">T</subfield>
  </datafield>
  <datafield tag="999" ind1=" " ind2=" ">
    <subfield code="c">8714</subfield>
    <subfield code="d">8714</subfield>
  </datafield>
  <datafield tag="952" ind1=" " ind2=" ">
    <subfield code="0">0</subfield>
    <subfield code="1">0</subfield>
    <subfield code="2">CL</subfield>
    <subfield code="4">0</subfield>
    <subfield code="7">0</subfield>
    <subfield code="8">TG</subfield>
    <subfield code="a">BJHA</subfield>
    <subfield code="b">BJHA</subfield>
    <subfield code="c">GEN</subfield>
    <subfield code="d">2026-06-30</subfield>
    <subfield code="i">25-02635</subfield>
    <subfield code="l">0</subfield>
    <subfield code="o">CT E-CEMA 0006 EGCEMA 2025</subfield>
    <subfield code="p">25-02635</subfield>
    <subfield code="r">2026-06-30 13:20:37</subfield>
    <subfield code="t">e.1</subfield>
    <subfield code="w">2026-06-30</subfield>
    <subfield code="y">T</subfield>
  </datafield>
</record>
